| 000 | 00452nam a2200181Ia 4500 | ||
|---|---|---|---|
| 001 | 23523 | ||
| 005 | 20260414150943.0 | ||
| 008 | 260414t2006||||xx |||||||||||||| ||spa|| | ||
| 041 | _aESP | ||
| 082 |
_a660.2815 _bS754 |
||
| 100 |
_aSmith, Carlos A. _eAUT |
||
| 245 | 0 |
_aPrinciples and practice of automatic process control _b |
|
| 260 | _c2006 | ||
| 300 |
_a563 páginas : _c26 cm. |
||
| 650 | _aTCA | ||
| 654 | _aCII | ||
| 942 |
_cLIB _dJUS _fJUS _2ddc _n |
||
| 999 |
_c23523 _d23523 |
||